Real stories with dealing with depression / (Record no. 166219)

MARC details
000 -LEADER
fixed length control field 00615nam a22001937a 4500
005 - DATE AND TIME OF LATEST TRANSACTION
control field 20190717105848.0
010 ## - LCCN (DPL NO)
LC control number ENG-125960
020 ## - INTERNATIONAL STANDARD BOOK NUMBER
International Standard Book Number 9789386767445
Terms of availability 399.00
035 ## - SYSTEM CONTROL NUMBER
System control number EN-109492
037 ## - SOURCE OF ACQUISITION
Source of stock number/acquisition DBAD/PUB
082 ## - DEWEY DECIMAL CLASSIFICATION NUMBER
Classification number 616.852
100 ## - MAIN ENTRY--PERSONAL NAME
Personal name Tripathi,Amrita
245 ## - TITLE STATEMENT
Title Real stories with dealing with depression /
Statement of responsibility, etc by Amrita Tripathi [and] Arpita Anand
260 ## - PUBLICATION, DISTRIBUTION, ETC. (IMPRINT)
Place of publication, distribution, etc New Delhi
Name of publisher, distributor, etc Simon and Schuster
Date of publication, distribution, etc 2019
270 ## - ADDRESS
Address 818, Indraprakash Building , 21 Barakhamba Road
City New Delhi
Postal code 110001
300 ## - PHYSICAL DESCRIPTION
Extent 251p.
Dimensions 18cm(pbk)
700 ## - ADDED ENTRY--PERSONAL NAME
Personal name Anand, Arpita
942 ## - ADDED ENTRY ELEMENTS (KOHA)
Source of classification or shelving scheme Dewey Decimal Classification
Item type English Books
Classification part 616.852
Call number suffix TRI
Holdings
Withdrawn status Lost status Not for loan Collection code Home library Current library Date acquired Source of acquisition Cost, normal purchase price Full call number Barcode Copy number Cost, replacement price Koha item type
      Non-fiction Central Library Ashok Vihar 17/07/2019 DBAD/PUB 399.00 616.852 TRI EN-109492 1 399.00 English Books

© Delhi Public Library
Hit Counter
free hit counter